• 首页
  • 本馆介绍
  • 公告通知
  • 最新文献
  • 馆藏检索
  • 电子资源
  • 读者导购
  • 参考咨询
  • 我的图书馆
  • 登录
  • 详细信息显示
  • 放入我的书架
  • 预约/预借图书
  • 作者相关作品
  • 分类相关作品
  • 丛书相关作品
  • 出版社相关作品

书目信息

  • 表格格式
  • 工作单格式
  • 卡片格式
题名:
耳针疗法治百病
    
 
作者: 杨兆民 , 董勤 , 周静珍 编著
分册:  
出版信息: 北京   金盾出版社  2010
页数: 13,219页
开本: 21cm
丛书名:
单 册:
中图分类: R245.32
科图分类:
主题词: 耳针疗法
电子资源:
ISBN: 978-7-5082-5784-6
000 00999nam0 2200253 45
001 1033022687
005 20100407170848.70
010    @a978-7-5082-5784-6@dCNY15.00
100    @a20100331e2010 em y0chiy50 ea
101 0  @achi
102    @aCN@b110000
105    @aa z 000yy
106    @ar
200 1  @a耳针疗法治百病@AEr Zhen Liao Fa Zhi Bai Bing@f杨兆民,董勤,周静珍编著@FYang Zhao Min, Dong Qin, Zhou Jing Zhen Bian Zhu
210    @a北京@c金盾出版社@d2010
215    @a13,219页@c图@d21cm
330    @a本书简要介绍了耳郭的形态、结构与分区,耳生理与病理,耳与脏腑、经络的关系,耳穴的命名、分布;重点介绍了耳穴的诊断与施治方法,耳穴的性能、功效,耳针处方选择原则与耳穴配伍,耳针疗法的适应证、禁忌证、注意事项等。
606 0  @a耳针疗法
690    @aR245.32@v4
701  0 @a杨兆民@AYang Zhao Min@f(1928~)@4编著
701  0 @a董勤@ADong Qin@c(女,@f1961~)@4编著
701  0 @a周静珍@AZhou Jing Zhen@c(女)@4编著
801  0 @aCN@bTANGWEI@c20100407
905    @b0587605-09@dR245.32@e256@f5
    
    耳针疗法治百病/杨兆民,董勤,周静珍编著.-北京:金盾出版社,2010
    13,219页:图;21cm
    
    
    ISBN 978-7-5082-5784-6:CNY15.00
    本书简要介绍了耳郭的形态、结构与分区,耳生理与病理,耳与脏腑、经络的关系,耳穴的命名、分布;重点介绍了耳穴的诊断与施治方法,耳穴的性能、功效,耳针处方选择原则与耳穴配伍,耳针疗法的适应证、禁忌证、注意事项等。
●
相关链接 在E读中查询图书 在五车中查询图书 在当当中查询图书 在豆瓣中查询图书


正题名:耳针疗法治百病     索取号:R245.32/256         预约/预借

序号 登录号 条形码 馆藏地/架位号 状态 备注
1 0587605   205876051   第二样本阅览室/ [索取号:R245.32/256] 在馆    
2 0587606   205876060   第三借阅区/ [索取号:R245.32/256] 在馆    
3 0587607   205876079   第三借阅区/ [索取号:R245.32/256] 在馆    
4 0587608   205876088   第三借阅区/ [索取号:R245.32/256] 在馆    
5 0587609   205876097   第三借阅区/ [索取号:R245.32/256] 在馆    
唐山师范学院图书馆 欢迎您!
大连网信软件有限公司© 版权所有